000 00825nam a2200277Ia 4500
001 Para_3789
003 CHAP
008 220125s1935 xx 000 0 und d
010 _a202310
040 _cCHAP
090 _aPA FOLLETO 1009
100 _aAllen, F. W
_94386
245 _aPrecooling investigations with deciduous fruits /
_c F. W. Allen, L. R. Mckinnon
260 _aBerkeley, Cal. :
_b Agricultural Experiment Station
300 _a142 p.
440 _aCalifornia. Agri. Exp. Sta. Bull.; 590
_9167424
650 _aFrutas congeladas Fruta
_x Preservación
_9167425
700 _aMckinnopn, L. R.
_973654
901 _aPA FOLLETO 1009
902 _aA
905 _a0000001935 BER 0000000000 00
910 _a1935
942 _cPARA
942 _cPARA
_d1
999 _c202310
_d202310